Housing - the new law: a pratcial guide to the housing act 1994 (Record no. 104732)
[ view plain ]
| 000 -LEADER | |
|---|---|
| fixed length control field | 00380cam a2200145 4500 |
| 001 - CONTROL NUMBER | |
| control field | L131373 |
| 008 - FIXED-LENGTH DATA ELEMENTS--GENERAL INFORMATION | |
| fixed length control field | 051026n2005 000 0 eng u |
| 020 ## - INTERNATIONAL STANDARD BOOK NUMBER | |
| International Standard Book Number | 1405712392 |
| 035 ## - SYSTEM CONTROL NUMBER | |
| System control number | (Sirsi) u131373 |
| 100 ## - MAIN ENTRY--PERSONAL NAME | |
| Personal name | Driscoll, James |
| 245 ## - TITLE STATEMENT | |
| Title | Housing - the new law: a pratcial guide to the housing act 1994 |
| 260 ## - PUBLICATION, DISTRIBUTION, ETC. | |
| Place of publication, distribution, etc. | Butterworths law |
| Date of publication, distribution, etc. | 2005 |
| 350 ## - PRICE (NR) (BK AM CF MU VM SE) [OBSOLETE] | |
| Price | 80.00 |
| 942 ## - ADDED ENTRY ELEMENTS (KOHA) | |
| Suppress in OPAC | 0 |
No items available.